000 01118nam a2200241Ia 4500
999 _c55949
_d55949
001 23048
003 GE_BSU
005 20230630140914.0
008 181216s1967||||ge |||||||||||||| ||geo||
040 _cGE_BSU
041 _ageo
080 _a821.111(73)-32 ა-57
245 _aამერიკული ნოველა 2 ტომად. ტ. 1 /
_cც. თოფურიძის წინასიტყვაობით ; რედ. ლ. ელიოზაშვილი ; მხატ. ნ. იანქოშვილი.
264 _aთბილისი :
_bსაბჭ. საქართველო,
_c1967.
300 _a546 გვ. ;
_c21სმ.
490 _aმსოფლიოს ნოველა
541 _h1ლ.96თ.
653 _aამერიკული ნოველა 2 ტომად. ტ. 1
653 _aმხატვრული ლიტერატურა
700 _aელიოზაშვილი, ლ.
_eრედაქტორი
_919115
700 _aიანქოშვილი, ნ.
_eმხატვარი
_94809
942 _cBK
_2udc